| 000 | 00748nam a2200241 a 4500 | ||
|---|---|---|---|
| 999 |
_c636 _d636 |
||
| 001 | 4743 | ||
| 003 | BD-DhUAP | ||
| 005 | 20200126120036.0 | ||
| 008 | 200126s2002 dcu b 000 0 eng d | ||
| 020 | _a0821350498 | ||
| 040 |
_aBD-DhUAP _bEng _dBD-DhUAP _cBD-DhUAP |
||
| 082 | 0 | 4 |
_223 _a305.569 VOI |
| 245 | 0 | 0 |
_aVoices of the poor : _bfrom many lands / _cEdited by Deepa Narayan and Patti Petesch. |
| 260 |
_aNew York : _bOxford University Press, _cc2002. |
||
| 300 |
_axvi, 509 pages ; _c24 cm. |
||
| 490 | _aVoices of the poor | ||
| 504 | _aIncludes bibliographical references. | ||
| 650 |
_aPoor _vCase studies. |
||
| 650 |
_aPoverty _vCase studies. |
||
| 700 | 1 |
_aNarayan, Deepa. _98417 |
|
| 700 | 1 |
_aPetesch, Patti. _98418 |
|
| 942 |
_2ddc _cBK |
||